Villes de France par images 5 - Statistiques

Statistiques générales
  • Ce quiz a été pris 384 fois
  • Le résultat moyen est 3 sur 20
Statistiques - réponses
Par images Réponse % Correct
Lourdes
76%
Beaune
52%
Orléans
34%
Saint-Claude
28%
Guingamp
26%
Auch
24%
Nevers
22%
Tulle
13%
Douai
11%
Sochaux
9%
Guéret
8%
Abbeville
7%
Fécamp
5%
Montbéliard
5%
Oyonnax
5%
Roanne
5%
Paray-le-Monial
4%
Bourgoin-Jallieu
3%
Colomiers
1%
Rueil-Malmaison
1%
Aucun quiz correspondant
Distribution des résultats
% des personnes avec chaque résultat
Percentile par nombre de réponses
Votre historique - résultats
Vous n’avez pas pris ce quiz